000 00939nam a2200241 a 4500
001 000024343
005 20200930022929.0
008 110126s1970 ag r 000 0 spa d
040 _aDO-SdBNP
_bspa
_cBNPHU
041 1 7 _aspa
_heng
_2Código de idioma MARC
082 _aNNN
_bK21e
100 1 _aKavolis, Vytautas,
_d1930-1996.
_949926
240 1 0 _aArtistic expression: a sociological analysis.
_lEspañol
245 1 0 _aLa expresión artística :
_bun estudio sociológico /
_cVytautas Kavolis ; traducción Aníbal C. Leal.
260 _aBuenos Aires :
_bAmorrortu,
_c[1970].
300 _a239, [3] p. ;
_c20 cm.
490 1 _aBiblioteca de sociología
504 _aIncluye referencias bibliográficas y notas al pie de las páginas
534 _aTítulo original:
_tArtistic expression: a sociological analysis.
700 1 _aLeal, Aníbal Carlos Timoteo
_etr.
_949927
830 0 _aBiblioteca de sociología
_949260
049 _aBNGR
999 _c23836
_d23836